00000000cam 2200000zi 4500
0019.960683
003CaOODSP
00520260320112437
006m     o  d f      
007cr mn|||||||||
008260306e202603  onca    ob   f000 0 eng d
020 |a9780660988276
040 |aCaOODSP|beng|erda|cCaOODSP
043 |an-cn---
0861 |aP29-012-001-2026E-PDF
24500|aSafety glazing.
250 |a[March 2026 edition].
264 1|aOttawa, Ontario : |bCanadian General Standards Board : |bStandards Council of Canada, |cMarch 2026.
264 4|c©2026
300 |a1 online resource (36 pages) : |billustrations.
336 |atext|btxt|2rdacontent
337 |acomputer|bc|2rdamedia
338 |aonline resource|bcr|2rdacarrier
4901 |aNational standard of Canada ; |vCAN/CGSB-12.1-2026
500 |a"Supersedes CAN/CGSB-12.1-2022."
500 |aIssued also in French under title: Vitrage de sécurité.
504 |aIncludes bibliographical references (pages 35-36).
520 |a"This National Standard of Canada applies to glazing materials that have been subjected to the test methods described herein. These test methods establish the minimum performance requirement intended to reduce the risk of cutting or piercing injuries when glazing materials installed in human impact areas (see Annex A) fracture. This standard does not address the strength, durability, fire rated characteristics, appearance or methods of installation for glazing materials"--Scope, page 1.
650 0|aGlazing|xStandards|zCanada.
7102 |aStandards Council of Canada, |eissuing body.
7102 |aCanadian General Standards Board, |eissuing body.
77508|tVitrage de sécurité.|w(CaOODSP)9.960684
795 |tSafety glazing.|b[February 2022 edition]|w(CaOODSP)9.907967
830#0|aNational standard of Canada ;|vCAN/CGSB-12.1-2026.|w(CaOODSP)9.507848
85640|qPDF|s1.96 MB|uhttps://publications.gc.ca/collections/collection_2026/ongc-cgsb/P29-012-001-2026-eng.pdf
986 |aICS 81.040.20